<?xml version="1.0" encoding="UTF-8"?>
<record
    xmlns:xsi="http://www.w3.org/2001/XMLSchema-instance"
    xsi:schemaLocation="http://www.loc.gov/MARC21/slim http://www.loc.gov/standards/marcxml/schema/MARC21slim.xsd"
    xmlns="http://www.loc.gov/MARC21/slim">

  <leader>02059nam a22002177a 4500</leader>
  <controlfield tag="001">3624</controlfield>
  <controlfield tag="003">FISKH</controlfield>
  <controlfield tag="005">20250530105710.0</controlfield>
  <controlfield tag="008">240328b        cb ||||| |||| 00| 0 eng d</controlfield>
  <datafield tag="040" ind1=" " ind2=" ">
    <subfield code="a">FISKH</subfield>
    <subfield code="b">khr </subfield>
    <subfield code="c">FISKH</subfield>
    <subfield code="d">FISKH</subfield>
  </datafield>
  <datafield tag="050" ind1=" " ind2=" ">
    <subfield code="a">PZ7 </subfield>
  </datafield>
  <datafield tag="082" ind1=" " ind2=" ">
    <subfield code="a">895.932102</subfield>
  </datafield>
  <datafield tag="100" ind1=" " ind2=" ">
    <subfield code="a">Harch, Nou  </subfield>
  </datafield>
  <datafield tag="245" ind1=" " ind2=" ">
    <subfield code="a">&#x1798;&#x17B6;&#x179B;&#x17B6;&#x178A;&#x17BD;&#x1784;&#x1785;&#x17B7;&#x178F;&#x17D2;&#x178F; / </subfield>
    <subfield code="c">&#x1793;&#x17BC; &#x17A0;&#x17B6;&#x1785;.</subfield>
  </datafield>
  <datafield tag="260" ind1=" " ind2=" ">
    <subfield code="a">&#x1797;&#x17D2;&#x1793;&#x17C6;&#x1796;&#x17C1;&#x1789;&#x200B;  : </subfield>
    <subfield code="b">&#x1780;&#x17B6;&#x179A;&#x1795;&#x17D2;&#x179F;&#x17B6;&#x1799;&#x179A;&#x1794;&#x179F;&#x17CB;&#x179F;&#x1798;&#x17B6;&#x1782;&#x1798;&#x17A2;&#x17D2;&#x1793;&#x1780;&#x1793;&#x17B7;&#x1796;&#x1793;&#x17D2;&#x1792;&#x1781;&#x17D2;&#x1798;&#x17C2;&#x179A;</subfield>
    <subfield code="c">2004.</subfield>
  </datafield>
  <datafield tag="300" ind1=" " ind2=" ">
    <subfield code="a">124 pages :</subfield>
    <subfield code="c">21 cm </subfield>
  </datafield>
  <datafield tag="500" ind1=" " ind2=" ">
    <subfield code="a">&#x17A2;&#x1780;&#x17D2;&#x179F;&#x179A;&#x179F;&#x17B7;&#x179B;&#x17D2;&#x1794;&#x17CD;&#x1781;&#x17D2;&#x1798;&#x17C2;&#x179A;&#x178F;&#x17B6;&#x1798;&#x1780;&#x1798;&#x17D2;&#x1798;&#x179C;&#x17B7;&#x1792;&#x17B8;&#x179F;&#x17B7;&#x1780;&#x17D2;&#x179F;&#x17B6;
</subfield>
  </datafield>
  <datafield tag="520" ind1=" " ind2=" ">
    <subfield code="a">&#x1791;&#x17B8;&#x1783;&#x17B6;&#x179C;&#x17BB;&#x1792; &#x1787;&#x17B6;&#x1799;&#x17BB;&#x179C;&#x179F;&#x17B7;&#x179F;&#x17D2;&#x179F;&#x17A2;&#x17B6;&#x1799;&#x17BB;&#x17E2;&#x17E0;&#x1786;&#x17D2;&#x1793;&#x17B6;&#x17C6; &#x1787;&#x17B6;&#x179F;&#x17B7;&#x179F;&#x17D2;&#x179F;&#x1790;&#x17D2;&#x1793;&#x17B6;&#x1780;&#x17CB;&#x1791;&#x17B8;&#x17E2; &#x1793;&#x17C3;&#x179C;&#x17B7;&#x1791;&#x17D2;&#x1799;&#x17B6;&#x179B;&#x17D0;&#x1799; &#x179F;&#x17CA;&#x17B8;&#x179F;&#x17BB;&#x179C;&#x178F;&#x17D2;&#x178F;&#x17B7; &#x17D4; &#x1782;&#x17C1;&#x1787;&#x17B6;&#x1798;&#x1793;&#x17BB;&#x179F;&#x17D2;&#x179F;&#x178A;&#x17C2;&#x179B;&#x1785;&#x17BC;&#x179B;&#x1785;&#x17B7;&#x178F;&#x17D2;&#x178F;&#x179F;&#x17D2;&#x179A;&#x1798;&#x17BE;&#x179F;&#x17D2;&#x179A;&#x1798;&#x17C9;&#x17C3;&#x1785;&#x17D2;&#x179A;&#x17BE;&#x1793; &#x17A0;&#x17BE;&#x1799;&#x1782;&#x17C1;&#x1780;&#x17CF;&#x1787;&#x17B6;&#x179F;&#x17B7;&#x179F;&#x17D2;&#x179F;&#x17A7;&#x179F;&#x17D2;&#x179F;&#x17B6;&#x17A0;&#x17CD;&#x1796;&#x17D2;&#x1799;&#x17B6;&#x1799;&#x17B6;&#x1798; &#x1798;&#x17B6;&#x1793;&#x1794;&#x17D2;&#x179A;&#x17B6;&#x1787;&#x17D2;&#x1789;&#x17B6;&#x1788;&#x17D2;&#x179B;&#x17B6;&#x179F;&#x179C;&#x17C3; &#x1781;&#x17B6;&#x1784;&#x178F;&#x17C2;&#x1784;&#x1780;&#x17C6;&#x1793;&#x17B6;&#x1796;&#x17D2;&#x1799;&#x1780;&#x17B6;&#x1796;&#x17D2;&#x1799;&#x1783;&#x17D2;&#x179B;&#x17C4;&#x1784; &#x17A2;&#x1780;&#x17D2;&#x179F;&#x179F;&#x17B6;&#x179F;&#x1793;&#x17CD; &#x1785;&#x17BC;&#x179B;&#x1785;&#x17B7;&#x178F;&#x17D2;&#x178F;&#x179A;&#x17C0;&#x1793;&#x1797;&#x17B6;&#x179F;&#x17B6;&#x1794;&#x179A;&#x1791;&#x17C1;&#x179F;&#x178A;&#x17BC;&#x1785;&#x1787;&#x17B6; &#x1794;&#x17B6;&#x179A;&#x17B6;&#x17C6;&#x1784; &#x17A2;&#x1784;&#x17C9;&#x1782;&#x17D2;&#x179B;&#x17C1;&#x179F; &#x1793;&#x17B7;&#x1784;&#x1785;&#x17BC;&#x179B;&#x1785;&#x17B7;&#x178F;&#x17D2;&#x178F;&#x179F;&#x17D2;&#x179C;&#x17D0;&#x1799;&#x179F;&#x17B7;&#x1780;&#x17D2;&#x179F;&#x17B6;&#x1797;&#x17B6;&#x179F;&#x17B6;&#x1790;&#x17C3;&#x178A;&#x17C4;&#x1799;&#x1781;&#x17D2;&#x179B;&#x17BD;&#x1793;&#x17AF;&#x1784;&#x1795;&#x1784;&#x178A;&#x17C2;&#x179A;&#x17D4; &#x1794;&#x17C9;&#x17BB;&#x1793;&#x17D2;&#x178F;&#x17C2;&#x1780;&#x17B6;&#x179A;&#x179F;&#x17B7;&#x1780;&#x17D2;&#x179F;&#x17B6;&#x179A;&#x1795;&#x17D2;&#x1793;&#x17C2;&#x1780;&#x179C;&#x17B7;&#x1791;&#x17D2;&#x1799;&#x17B6;&#x179F;&#x17B6;&#x179F;&#x17D2;&#x179A;&#x17D2;&#x178F;&#x179A;&#x1794;&#x179F;&#x17CB;&#x1782;&#x17C1;&#x1798;&#x17B7;&#x1793;&#x179F;&#x17BC;&#x179C;&#x1787;&#x17B6;&#x179B;&#x17D2;&#x17A2;&#x1794;&#x17C9;&#x17BB;&#x1793;&#x17D2;&#x1798;&#x17B6;&#x1793;&#x1791;&#x17C1;&#x17D4; </subfield>
  </datafield>
  <datafield tag="520" ind1=" " ind2=" ">
    <subfield code="a">Tikhavuth is a 20-year-old second-grade student at Sisowath High School. He is a very imaginative person and he is also a diligent student, wise in composing poems, prose, literary, likes to learn foreign languages &#x200B;&#x200B;such as French, English and also likes to learn Thai on his own. But their scientific studies were not so good.</subfield>
  </datafield>
  <datafield tag="942" ind1=" " ind2=" ">
    <subfield code="2">ddc</subfield>
    <subfield code="c">KHB</subfield>
    <subfield code="n">0</subfield>
  </datafield>
  <datafield tag="999" ind1=" " ind2=" ">
    <subfield code="c">3624</subfield>
    <subfield code="d">3624</subfield>
  </datafield>
  <datafield tag="952" ind1=" " ind2=" ">
    <subfield code="0">0</subfield>
    <subfield code="1">0</subfield>
    <subfield code="2">ddc</subfield>
    <subfield code="4">0</subfield>
    <subfield code="7">0</subfield>
    <subfield code="8">KH</subfield>
    <subfield code="a">001</subfield>
    <subfield code="b">001</subfield>
    <subfield code="c">OKHR</subfield>
    <subfield code="d">2024-03-28</subfield>
    <subfield code="l">0</subfield>
    <subfield code="o">HAR 895.932102 PZ7</subfield>
    <subfield code="p">FISTK03538</subfield>
    <subfield code="r">2024-03-28 16:05:32</subfield>
    <subfield code="t">1</subfield>
    <subfield code="w">2024-03-28</subfield>
    <subfield code="y">KHB</subfield>
  </datafield>
  <datafield tag="952" ind1=" " ind2=" ">
    <subfield code="0">0</subfield>
    <subfield code="1">0</subfield>
    <subfield code="2">ddc</subfield>
    <subfield code="4">0</subfield>
    <subfield code="7">0</subfield>
    <subfield code="8">KH</subfield>
    <subfield code="a">001</subfield>
    <subfield code="b">001</subfield>
    <subfield code="c">OKHR</subfield>
    <subfield code="d">2024-03-28</subfield>
    <subfield code="l">0</subfield>
    <subfield code="o">HAR 895.932102 PZ7</subfield>
    <subfield code="p">FISTK03539</subfield>
    <subfield code="r">2024-03-29 14:12:04</subfield>
    <subfield code="t">2</subfield>
    <subfield code="w">2024-03-28</subfield>
    <subfield code="y">KHB</subfield>
  </datafield>
  <datafield tag="952" ind1=" " ind2=" ">
    <subfield code="0">0</subfield>
    <subfield code="1">0</subfield>
    <subfield code="2">ddc</subfield>
    <subfield code="4">0</subfield>
    <subfield code="7">0</subfield>
    <subfield code="8">KH</subfield>
    <subfield code="a">001</subfield>
    <subfield code="b">001</subfield>
    <subfield code="c">SKB</subfield>
    <subfield code="d">2024-03-28</subfield>
    <subfield code="l">0</subfield>
    <subfield code="o">HAR 895.932102 PZ7</subfield>
    <subfield code="p">FIS02343</subfield>
    <subfield code="r">2024-09-06 13:51:13</subfield>
    <subfield code="t">3</subfield>
    <subfield code="w">2024-03-28</subfield>
    <subfield code="y">KHB</subfield>
  </datafield>
  <datafield tag="952" ind1=" " ind2=" ">
    <subfield code="0">0</subfield>
    <subfield code="1">0</subfield>
    <subfield code="2">ddc</subfield>
    <subfield code="4">0</subfield>
    <subfield code="7">0</subfield>
    <subfield code="8">KH</subfield>
    <subfield code="a">001</subfield>
    <subfield code="b">001</subfield>
    <subfield code="c">TTP Khmer</subfield>
    <subfield code="d">2024-03-28</subfield>
    <subfield code="l">0</subfield>
    <subfield code="o">HAR 895.932102 PZ7</subfield>
    <subfield code="p">FIS02340</subfield>
    <subfield code="r">2024-09-06 13:52:04</subfield>
    <subfield code="t">4</subfield>
    <subfield code="w">2024-03-28</subfield>
    <subfield code="y">KHB</subfield>
  </datafield>
  <datafield tag="952" ind1=" " ind2=" ">
    <subfield code="0">0</subfield>
    <subfield code="1">0</subfield>
    <subfield code="2">ddc</subfield>
    <subfield code="4">0</subfield>
    <subfield code="7">0</subfield>
    <subfield code="8">KH</subfield>
    <subfield code="a">002</subfield>
    <subfield code="b">002</subfield>
    <subfield code="c">SKB</subfield>
    <subfield code="d">2024-03-28</subfield>
    <subfield code="l">0</subfield>
    <subfield code="o">HAR 895.932102 PZ7</subfield>
    <subfield code="p">FISSE02107</subfield>
    <subfield code="r">2025-03-07 10:34:40</subfield>
    <subfield code="t">5</subfield>
    <subfield code="w">2024-03-28</subfield>
    <subfield code="y">KHB</subfield>
  </datafield>
  <datafield tag="952" ind1=" " ind2=" ">
    <subfield code="0">0</subfield>
    <subfield code="1">0</subfield>
    <subfield code="2">ddc</subfield>
    <subfield code="4">0</subfield>
    <subfield code="7">0</subfield>
    <subfield code="8">KH</subfield>
    <subfield code="a">002</subfield>
    <subfield code="b">001</subfield>
    <subfield code="c">SKB</subfield>
    <subfield code="d">2025-04-09</subfield>
    <subfield code="l">1</subfield>
    <subfield code="o">HAR 895.932102 PZ7</subfield>
    <subfield code="p">2025-1013</subfield>
    <subfield code="r">2026-03-11 10:15:16</subfield>
    <subfield code="s">2026-02-06</subfield>
    <subfield code="t">6</subfield>
    <subfield code="w">2025-04-09</subfield>
    <subfield code="y">KHB</subfield>
  </datafield>
  <datafield tag="952" ind1=" " ind2=" ">
    <subfield code="0">0</subfield>
    <subfield code="1">0</subfield>
    <subfield code="2">ddc</subfield>
    <subfield code="4">0</subfield>
    <subfield code="7">0</subfield>
    <subfield code="8">KH</subfield>
    <subfield code="a">002</subfield>
    <subfield code="b">002</subfield>
    <subfield code="c">SKB</subfield>
    <subfield code="d">2025-04-09</subfield>
    <subfield code="l">0</subfield>
    <subfield code="o">HAR 895.932102 PZ7</subfield>
    <subfield code="p">FISSE02658</subfield>
    <subfield code="r">2026-02-10 13:52:13</subfield>
    <subfield code="t">7</subfield>
    <subfield code="w">2025-04-09</subfield>
    <subfield code="y">KHB</subfield>
  </datafield>
  <datafield tag="952" ind1=" " ind2=" ">
    <subfield code="0">0</subfield>
    <subfield code="1">0</subfield>
    <subfield code="2">ddc</subfield>
    <subfield code="4">0</subfield>
    <subfield code="7">0</subfield>
    <subfield code="8">KH</subfield>
    <subfield code="a">002</subfield>
    <subfield code="b">002</subfield>
    <subfield code="c">TTP Khmer</subfield>
    <subfield code="d">2025-04-09</subfield>
    <subfield code="l">0</subfield>
    <subfield code="o">HAR 895.932102 PZ7</subfield>
    <subfield code="p">FISSE02628</subfield>
    <subfield code="r">2025-04-09 13:42:34</subfield>
    <subfield code="t">8</subfield>
    <subfield code="w">2025-04-09</subfield>
    <subfield code="y">KHB</subfield>
  </datafield>
</record>
